000
00288nam a22001217a 4500
020
_a
0-02-340500-7
082
_a
683.8 GAR'M
100
_a
BRASHER, R. E,GARRISON, C
_9
75038
245
_a
MODERN HOUSEHOLD EQUIPMENT
260
_a
NEWYORK
_b
MACMILLAN
_c
1982
300
_a
452P
942
_c
BK
999
_c
580532
_d
580532